000 nam a22 7a 4500
999 _c332350
_d332350
003 BLK
005 20220314113012.0
008 190708b bu ||||| |||| 00| 0 bu d
020 _a9789545783708
040 _aBLK
041 _aBUL
_cBUL
080 _aБългарска литература
_b821.163.2
_z821.163.2-9
100 _aДянков, Явор
_eпърви автор
_91299
139 _aДянков, Явор
_bД 99
245 _aLed Zeppelin - Стълба към вечността
_cЯвор Дянков
260 _9209646
_aСофия
_bХелиопол
_c2019
300 _a144 с.
_bс ил.
_c23 см
380 _aX
852 _bП
_cП 886.7-9/Д 99
942 _cKNG
_n0
_04